000 00883nam a22002657a 4500
999 _c15351
_d15351
003 MIRAKIL
005 20240213153412.0
008 240213b tu ||||| |||| 00| 0 tur d
020 _a9789756813355
040 _aTR-AnCHP
_cTR-AnCHP
041 _aTürkçe
082 _a780.9561
_bK26k 2014
090 _a780.9561 K26k 2014
100 _aKaraesmen, Erhan
245 1 0 _aKamuran Gündemir :
_bpiyanist, hoca ve cumhuriyet aydını /
_cErhan Karaesmen.
250 _a2. bs.
260 _aAnkara :
_bSevda-Cenap and Müzik Vakfı Yayınları,
_c2014.
300 _a176 s. :
_bres. ;
_c20 cm
490 0 _aOnur ödüllü altın madalyası sahipleri dizisi :
_v14
504 _aDizin: s. 162-166.
504 _aKaynakça: s. 167.
650 0 _97501
_aMüzisyen
856 _zDijital Nüshası için Partimizin Kütüphane Sorumlusu ile iletişime geçiniz.
942 _2ddc
_cBKS